Society - Water - Technology: A Critical Appraisal of Major Water Engineering Projects (Record no. 23039)

MARC details
000 -LEADER
fixed length control field 00778nam a2200121Ia 4500
008 - FIXED-LENGTH DATA ELEMENTS--GENERAL INFORMATION
fixed length control field 220620s9999||||xx |||||||||||||| ||und||
245 #0 - TITLE STATEMENT
Title Society - Water - Technology: A Critical Appraisal of Major Water Engineering Projects
546 ## - LANGUAGE NOTE
Language note English[eng]
650 ## - SUBJECT ADDED ENTRY--TOPICAL TERM
Topical term or geographic name entry element Waste Water Technology / Water Pollution Control / Water Management / Aquatic Pollution||Water Industry/Water Technologies||Environmental Economics||International Environmental Law
700 ## - ADDED ENTRY--PERSONAL NAME
Personal name Hüttl, Reinhard F.||Bens, Oliver||Bismuth, Christine||Hoechstetter, Sebastian
856 ## - ELECTRONIC LOCATION AND ACCESS
Uniform Resource Identifier <a href="https://library.oapen.org/bitstream/20.500.12657/27962/1/1002037.pdf||https://library.oapen.org/bitstream/20.500.12657/27962/1/1002037.pdf||https://library.oapen.org/bitstream/20.500.12657/27962/1/1002037.pdf">https://library.oapen.org/bitstream/20.500.12657/27962/1/1002037.pdf||https://library.oapen.org/bitstream/20.500.12657/27962/1/1002037.pdf||https://library.oapen.org/bitstream/20.500.12657/27962/1/1002037.pdf</a>
942 ## - ADDED ENTRY ELEMENTS (KOHA)
Koha item type E-Books
Holdings
Withdrawn status Lost status Damaged status Not for loan Home library Current library Date acquired Total Checkouts Date last seen Price effective from Koha item type
        Kerala University of Digital Sciences, Innovation and Technology Knowledge Centre Kerala University of Digital Sciences, Innovation and Technology Knowledge Centre 20/06/2022   20/06/2022 20/06/2022 E-Books